ARRUPE JESUIT UNIVERSITY

CORONAVIRUS -STOP THE SPREAD - CLEAN,DISINFECT,COVER

Birds of the lowveld (Record no. 121463)

MARC details
000 -LEADER
fixed length control field 00809cam a2200265 i 4500
001 - CONTROL NUMBER
control field 1294319
003 - CONTROL NUMBER IDENTIFIER
control field ARRUPE
005 - DATE AND TIME OF LATEST TRANSACTION
control field 20141219134526.0
008 - FIXED-LENGTH DATA ELEMENTS--GENERAL INFORMATION
fixed length control field 760811s1974 rh af 001 0 eng
010 ## - LIBRARY OF CONGRESS CONTROL NUMBER
LC control number 76363544
020 ## - INTERNATIONAL STANDARD BOOK NUMBER
International Standard Book Number 0582641136
040 ## - CATALOGING SOURCE
Original cataloging agency DLC
Transcribing agency DLC
Modifying agency DLC
043 ## - GEOGRAPHIC AREA CODE
Geographic area code f-rh---
050 00 - LIBRARY OF CONGRESS CALL NUMBER
Classification number QL692.R5
Item number G57
082 00 - DEWEY DECIMAL CLASSIFICATION NUMBER
Classification number 598.2/9689/1
300 ## - PHYSICAL DESCRIPTION
Other physical details ill. (some col.) ;
Dimensions 22 cm.
100 1# - MAIN ENTRY--PERSONAL NAME
Personal name Ginn, Peter.
9 (RLIN) 10889
245 10 - TITLE STATEMENT
Title Birds of the lowveld
Statement of responsibility, etc Peter Ginn ; line drawings and paintings by Graeme Arnott.
260 ## - PUBLICATION, DISTRIBUTION, ETC. (IMPRINT)
Place of publication, distribution, etc Southerton, Salisbury :
Name of publisher, distributor, etc Longman Rhodesia,
Date of publication, distribution, etc 1974.
300 ## - PHYSICAL DESCRIPTION
Extent v, 103 p., [16] leaves of plates :
490 0# - SERIES STATEMENT
Series statement Bundu series
500 ## - GENERAL NOTE
General note Includes index.
650 #0 - SUBJECT ADDED ENTRY--TOPICAL TERM
Topical term or geographic name as entry element Birds
Geographic subdivision Zimbabwe.
9 (RLIN) 13301
906 ## - LOCAL DATA ELEMENT F, LDF (RLIN)
a 7
b cbc
c orignew
d u
e ncip
f 19
g y-gencatlg
942 ## - ADDED ENTRY ELEMENTS (KOHA)
Source of classification or shelving scheme Library of Congress Classification
Koha item type SPC
Holdings
Withdrawn status Lost status Source of classification or shelving scheme Damaged status Not for loan Collection code Home library Current library Shelving location Date acquired Total Checkouts Full call number Barcode Date last seen Price effective from Koha item type
    Library of Congress Classification     SPECIAL Collection ARRUPE LIBRARY ARRUPE LIBRARY Main Collection 10/12/2014   SPC QL692.R5 G57 46500003464 10/12/2014 10/12/2014 SPC

 

Arrupe Library. PO Box MP320 Mt Pleasant, Harare, Zimbabwe
263 242 745411|librarian@aju.ac.zw